| 000 | 00718nam a2200205 a 4500 | ||
|---|---|---|---|
| 005 | 20210223130609.0 | ||
| 008 | 080821s1984 mx r 000 0 spa d | ||
| 035 | _aUPN01000159424 | ||
| 049 | _aUNE | ||
| 080 | _a37.018.8 (676.2) =20 GIC No.155. | ||
| 100 | 1 | _aGichuru, F. X. | |
| 245 | 1 | 0 |
_aUndugu basic education programme : _ban innovative approach to educating "parkingboys" of Nairobi / _cby F. X. Gichuru. |
| 260 |
_aParís : _bUNESCO ; _aNew York : _bUNICEF, _c1984. |
||
| 300 |
_a11 p. : _bil. |
||
| 440 | 0 |
_aNotes, comments... ; _v155 |
|
| 690 | _aEducacion basica - Niños socialmente desfavorecidos - Kenya | ||
| 710 | 2 |
_aUNICEF _924085 |
|
| 710 | 2 | _aPrograma de Alimentación Mundial | |
| 905 | _aUNESCO | ||
| 999 |
_c131538 _d131538 |
||